Černá luna /

František Kotleta se vrací do světa Tobiášova řádu, svérázných bojovníků proti démonům.

Main Author: Kotleta, František (fiktivní postava), 1981-
Language: Czech
Published: Praha : Dobrovský s.r.o., 2024
Series: Fobos
Physical Description: 382 stran ; 18 cm
Book
Saved in:
LEADER 01811nam a2200421 i 4500
001 nkc20243626026
003 CZ PrNK
005 20240919094049.0
007 ta
008 240807s2024 xr e 000 f cze
015 |a cnb003626026 
020 |a 978-80-277-4317-9  |q (brožováno) :  |c Kč 399,00 
035 |a (OCoLC)1459785320 
040 |a ABG001  |b cze  |e rda 
072 7 |a 821.162.3-3  |x Česká próza  |2 Konspekt  |9 25 
080 |a 821.162.3-31  |2 MRF 
080 |a (0:82-312.9)  |2 MRF 
100 1 |a Kotleta, František  |c (fiktivní postava),  |d 1981-  |7 xx0123480  |4 aut 
245 1 0 |a Černá luna /  |c František Kotleta 
264 1 |a Praha :  |b Dobrovský s.r.o.,  |c 2024 
300 |a 382 stran ;  |c 18 cm 
336 |a text  |b txt  |2 rdacontent 
337 |a bez média  |b n  |2 rdamedia 
338 |a svazek  |b nc  |2 rdacarrier 
490 1 |a Fobos 
520 2 |a František Kotleta se vrací do světa Tobiášova řádu, svérázných bojovníků proti démonům.  |b Když se vám zjeví Lucifer, aby vás požádal o malou službičku, je to vždycky problém. Zvlášť, když se ten problém jmenuje Lilith, která je na útěku z pekla poté, co velkému šéfovi provedla něco nepěkného. Může to být horší? Jistě. Když jste lovec démonů a shodou okolností je Lilith vaše první holka. A Lucifer váš otec. Nakladatelská anotace. 
655 7 |a české romány  |7 fd133974  |2 czenas 
655 7 |a fantasy romány  |7 fd184199  |2 czenas 
655 9 |a Czech fiction  |2 eczenas 
655 9 |a fantasy novels  |2 eczenas 
787 0 8 |i Z cyklu:  |t Tobiášův řád  |g 2 
830 0 |a Fobos  |0 s 
910 2 |a BOA001  |b 1-1531.195 
920 |a 5004902  |z ABG001 
990 |a BK 
995 |a 01 
991 |b 202408  |c NOV 
996 6 |b 2610977983  |c 1-1531.195  |l MZK  |r Sklad / do 1 hodiny  |n 6  |p p.v.  |w 001975087  |u 000010  |a 1  |e BOA001  |j MZK50  |s P